UITU Library & LRC     

How to be an Amazing Teacher (Record no. 14191)

MARC details
000 -LEADER
fixed length control field 00491nam a2200181Ia 4500
008 - FIXED-LENGTH DATA ELEMENTS--GENERAL INFORMATION
fixed length control field 240925s9999 xx 000 0 und d
020 ## - INTERNATIONAL STANDARD BOOK NUMBER
International Standard Book Number 9781845904425
082 ## - DEWEY DECIMAL CLASSIFICATION NUMBER
Classification number 371.100941 DAV
100 ## - MAIN ENTRY--PERSONAL NAME
Personal name Davies, Caroline Bentley
245 #0 - TITLE STATEMENT
Title How to be an Amazing Teacher
250 ## - EDITION STATEMENT
Edition statement NA
260 ## - PUBLICATION, DISTRIBUTION, ETC.
Place of publication, distribution, etc. United Kingdom:
Name of publisher, distributor, etc. Crown House Publishing Co.
Date of publication, distribution, etc. ,2011.
300 ## - PHYSICAL DESCRIPTION
Extent 181p.
Other physical details 0
Type of unit Original
500 ## - GENERAL NOTE
General note Includes Index
600 ## - SUBJECT ADDED ENTRY--PERSONAL NAME
Personal name Social Sciences
650 ## - SUBJECT ADDED ENTRY--TOPICAL TERM
Topical term or geographic name entry element Social Sciences
942 ## - ADDED ENTRY ELEMENTS (KOHA)
Koha item type Books
Holdings
Withdrawn status Lost status Damaged status Not for loan Collection Home library Current library Date acquired Source of acquisition Cost, normal purchase price Total checkouts Full call number Barcode Date last seen Price effective from Koha item type
        Social Sciences UITU Library UITU Library 05/07/2018 Paramount Book Pvt Ltd 1265.55   371.100941 DAV Q11692 09/25/2024 09/25/2024 Books

Powered by Koha